[Event "34. Bayerische Senioren EM"]
[Site "Bergen im Chiemgau"]
[Date "2024.05.31"]
[Round "4.28"]
[White "Neubauer, Jaroslaus"]
[Black "Dyballa, Gerhard"]
[Result "0-1"]
[WhiteElo "2046"]
[BlackElo "1944"]
[PlyCount "78"]
[EventDate "2024.??.??"]
[WhiteTeam "SK Schweinfurt"]
[BlackTeam "SV Meschede"]

{[%evp 0,78,29,29,39,30,23,0,0,13,20,10,10,-20,-8,-10,55,53,67,54,59,16,16,31,
30,33,27,36,39,23,23,-50,52,37,36,11,53,-113,-103,-127,-158,-182,-50,-112,-108,
-108,-108,-174,-178,-160,-161,-289,-308,-325,-158,-141,-159,-181,-157,-312,
-340,-332,-372,-370,-328,-477,-524,-637,-646,-707,-509,-533,-542,-554,-530,
-563,-597,-654,-839,-847,-855]} 1. e4 e6 2. d4 d5 3. e5 c5 4. c3 Qb6 5. Nf3 Nc6
6. Be2 cxd4 7. cxd4 Bb4+ 8. Nc3 Nge7 9. O-O Nf5 10. a3 Be7 11. Na4 Qd8 12. b4
O-O 13. g3 b6 14. Nc3 Bb7 15. Bd3 f6 16. Bxf5 exf5 17. Qb3 Kh8 18. Bf4 g5 19.
exf6 Bxf6 20. Be5 Bxe5 21. dxe5 g4 22. Nh4 Nxe5 23. Rfe1 Re8 24. Rad1 d4 25.
Nb5 d3 26. Nc3 Nf3+ 27. Nxf3 Bxf3 28. Rxe8+ Qxe8 29. Nd5 Qe5 30. Ne3 Bxd1 31.
Qxd1 Rd8 32. h3 gxh3 33. Qh5 d2 34. Kh2 Qxe3 35. fxe3 d1=Q 36. Qxf5 Qd2+ 37.
Kxh3 Qd7 38. g4 Qxf5 39. gxf5 Rd3 0-1

[Event "34. Bayerische Senioren EM"]
[Site "Bergen im Chiemgau"]
[Date "2024.05.31"]
[Round "4.29"]
[White "Küspert, Erwin"]
[Black "Chochoy, Patrick"]
[Result "1/2-1/2"]
[WhiteElo "1884"]
[BlackElo "1712"]
[PlyCount "70"]
[EventDate "2024.??.??"]
[WhiteTeam "DJK-SV Schaibing"]
[BlackTeam "Franconville"]

{[%evp 0,70,29,18,29,12,6,13,39,-2,32,27,20,10,27,16,14,20,28,22,24,-2,25,21,
30,-11,105,20,41,34,76,39,47,60,77,32,36,29,29,1,-6,-35,45,16,29,-13,1,-81,88,
-2,18,-39,-42,-40,-52,-52,-52,-41,9,0,0,-50,-49,-38,-63,-54,-65,-61,-63,-58,0,
0,0]} 1. d4 Nf6 2. Bg5 Ne4 3. Bf4 e6 4. c3 Bd6 5. Bxd6 Nxd6 6. Nf3 O-O 7. Nbd2
f5 8. Qc2 b6 9. e4 Bb7 10. exf5 exf5 11. O-O-O Ne4 12. Nxe4 Bxe4 13. Bd3 Bxf3
14. gxf3 d5 15. Rdg1 Qh4 16. Kb1 Qf4 17. Rg3 Nd7 18. Rhg1 g6 19. Qa4 Nf6 20.
Qc2 Nd7 21. Bb5 Nf6 22. Bc6 Rad8 23. Qe2 Rd6 24. Bb5 a6 25. Bd3 Re8 26. Qc2
Rde6 27. Rd1 Kh8 28. Bxa6 Re1 29. Qc1 Qxc1+ 30. Kxc1 Rxd1+ 31. Kxd1 Ra8 32. Bb7
Rxa2 33. Kc2 Ra1 34. Rg2 c5 35. dxc5 bxc5 1/2-1/2

[Event "34. Bayerische Senioren EM"]
[Site "Bergen im Chiemgau"]
[Date "2024.05.31"]
[Round "4.30"]
[White "Schießl, Hanns"]
[Black "Keller, Harald"]
[Result "0-1"]
[BlackElo "2052"]
[BlackTeam "SV Rottweil"]
[EventDate "2024.??.??"]
[PlyCount "40"]
[WhiteElo "1753"]
[WhiteTeam "FVS ASP Hoyerswerda"]

1. e4 Nf6 2. e5 Nd5 3. c4 Nb6 4. Nf3 d6 5. Be2 g6 6. d4 Bg7 7. O-O O-O 8. Be3
Nc6 9. Nc3 dxe5 10. Nxe5 Nxe5 11. dxe5 Bxe5 12. Qxd8 Rxd8 13. Bxb6 axb6 14.
Rfc1 Be6 15. b3 Rd2 16. Bf3 Rd3 17. Nb5 Bxa1 18. Rxa1 Rxb3 19. Nxc7 Rxa2 20.
Rd1 Bxc4  0-1

[Event "34. Bayerische Senioren EM"]
[Site "Bergen im Chiemgau"]
[Date "2024.05.31"]
[Round "4.31"]
[White "Luef, Herbert"]
[Black "Frey, Peter"]
[Result "1-0"]
[WhiteElo "1985"]
[BlackElo "1789"]
[PlyCount "73"]
[EventDate "2024.??.??"]
[WhiteTeam "TSV Ingolstadt Nord"]
[BlackTeam "SG Traunstein/Traunreut"]

{[%evp 0,73,29,29,75,67,66,67,55,65,51,44,24,37,20,21,40,39,513,48,39,34,124,
47,162,122,140,146,181,173,168,148,170,132,122,47,39,74,66,86,108,87,170,161,
164,175,228,389,385,199,199,199,284,315,341,354,359,336,336,379,433,374,483,
452,881,900,931,951,973,1014,1567,1765,29993,29988,29995,29996]} 1. e4 b6 2. d4
Bb7 3. Nc3 e6 4. a3 Nf6 5. Bd3 c5 6. dxc5 Bxc5 7. b4 Bd4 8. Nge2 Qc7 9. Bb2
Bxc3+ 10. Nxc3 O-O 11. O-O Qe5 12. Rb1 Qg5 13. f4 Qg6 14. Qe2 Qh5 15. Qf2 d5
16. Be2 Qh6 17. f5 Nxe4 18. Nxe4 dxe4 19. f6 g5 20. Qg3 Kh8 21. Qc7 Bc8 22.
Rbd1 b5 23. Rd8 Bd7 24. Rxd7 Nxd7 25. Qxd7 Rad8 26. Qxb5 g4 27. Bc1 Qg6 28. Be3
Rd5 29. Qb7 Rg8 30. c4 Rh5 31. g3 Rxh2 32. Kxh2 Qh5+ 33. Kg1 Qh3 34. Bf4 Rg5
35. Qxf7 e5 36. Bxe5 Rg8 37. Qg7+ 1-0

[Event "34. Bayerische Senioren EM"]
[Site "Bergen im Chiemgau"]
[Date "2024.05.31"]
[Round "4.32"]
[White "Desoye, Gernot"]
[Black "Waltner, Herbert"]
[Result "1-0"]
[BlackElo "1749"]
[BlackTeam "SV Steinhausen"]
[EventDate "2024.??.??"]
[PlyCount "27"]
[WhiteElo "1887"]
[WhiteTeam "SF Graz AT"]

1. d4 d5 2. c4 c6 3. cxd5 cxd5 4. Nc3 Nf6 5. Bf4 Nc6 6. e3 Bf5 7. h3 h5 8. Nf3
a6 9. Be2 g6 10. Nh4 Bd7 11. Bd3 Bh6 12. Bxh6 Rxh6 13. Nf3 e6 14. Qd2  1-0

[Event "34. Bayerische Senioren EM"]
[Site "Bergen im Chiemgau"]
[Date "2024.05.31"]
[Round "4.33"]
[White "Paul, Ernst"]
[Black "Stephan, Hubert"]
[Result "1/2-1/2"]
[BlackElo "1878"]
[BlackTeam "SC Prien"]
[EventDate "2024.??.??"]
[PlyCount "75"]
[WhiteElo "1781"]
[WhiteTeam "ASV J'Adoube Grassau"]

1. c4 Nf6 2. g3 c6 3. Bg2 g6 4. Nc3 Bg7 5. e3 O-O 6. Nge2 d6 7. O-O e5 8. d4 Qc7
9. dxe5 dxe5 10. Qc2 Be6 11. b3 Nbd7 12. Ba3 Rfe8 13. Rad1 Bf8 14. Bxf8 Nxf8
15. Ne4 N8d7 16. Nxf6+ Nxf6 17. Nc3 Rad8 18. Rxd8 Rxd8 19. Rd1 Rd7 20. Rxd7
Qxd7 21. Qd1 Qe7 22. Ne4 Nxe4 23. Bxe4 Kg7 24. Bg2 Qa3 25. Qd2 Qc5 26. h3 a5
27. a4 Qb6 28. Qc3 f6 29. Kh2 Qc7 30. Qd2 b6 31. Qd3 Kf7 32. h4 Bf5 33. e4 Be6
34. Bh3 Ke7 35. Bxe6 Kxe6 36. Qd2 Qd7 37. Qh6 Qe7 38. Qd2  1/2-1/2

[Event "34. Bayerische Senioren EM"]
[Site "Bergen im Chiemgau"]
[Date "2024.05.31"]
[Round "4.34"]
[White "Burg, Henk"]
[Black "Heiler, Karl"]
[Result "1/2-1/2"]
[BlackElo "1869"]
[BlackTeam "TG Bad Waldsee 1848"]
[EventDate "2024.??.??"]
[PlyCount "36"]
[WhiteElo "1774"]
[WhiteTeam "Hmc Den Bosch"]

1. c4 d6 2. Nc3 Nf6 3. g3 e5 4. Bg2 c6 5. e4 Be7 6. Nge2 O-O 7. O-O Bg4 8. h3
Bxe2 9. Qxe2 Na6 10. a3 Nc5 11. b4 Nb3 12. Rb1 Nd4 13. Qd1 Qc7 14. Ne2 c5 15.
Nxd4 cxd4 16. d3 Rad8 17. a4 Nd7 18. Ba3 Rb8  1/2-1/2

[Event "34. Bayerische Senioren EM"]
[Site "Bergen im Chiemgau"]
[Date "2024.05.31"]
[Round "4.35"]
[White "Niedermaier, Peter"]
[Black "Dreiseitel, Werner"]
[Result "1/2-1/2"]
[BlackElo "1724"]
[BlackTeam "SW Nürnberg Süd"]
[EventDate "2024.??.??"]
[PlyCount "54"]
[WhiteElo "1864"]
[WhiteTeam "SU Ebersberg-Grafing"]

1. e4 c6 2. d4 d5 3. exd5 Qxd5 4. c4 Qa5+ 5. Nc3 Bf5 6. Be2 e6 7. a3 Nf6 8. Bd2
Qc7 9. h3 Be7 10. Nf3 O-O 11. O-O h6 12. b4 Nbd7 13. Qc1 Kh7 14. Re1 Rfe8 15.
Bf1 Rad8 16. Kh1 Bf8 17. Nh4 Nb6 18. Nxf5 exf5 19. Rxe8 Rxe8 20. Bf4 Bd6 21.
Bxd6 Qxd6 22. c5 Qxd4 23. cxb6 Qxf2 24. bxa7 Qxa7 25. Bc4 Re7 26. Qf1 g6 27. b5
Nh5  1/2-1/2

[Event "34. Bayerische Senioren EM"]
[Site "Bergen im Chiemgau"]
[Date "2024.05.31"]
[Round "4.36"]
[White "Thonig, Manfred"]
[Black "Elbert, Helmut"]
[Result "1-0"]
[WhiteElo "1717"]
[BlackElo "1657"]
[PlyCount "107"]
[EventDate "2024.??.??"]
[WhiteTeam "SC Wolfratshausen"]
[BlackTeam "SC-SF 1957 Stockstadt"]

{[%evp 0,107,29,-26,-26,-26,-23,-29,0,-24,-2,-29,-29,-61,-37,-42,15,12,4,-13,
-15,-17,24,-61,-21,-5,-24,-14,26,-18,46,-48,-23,-70,-13,-24,-1,-37,-34,-47,-24,
-62,5,-28,-34,-24,-11,-37,-13,-36,-12,-17,-10,-20,19,-62,-21,-318,-309,-316,
-187,-208,-235,-245,-25,-21,-14,-7,23,36,46,43,48,68,96,-13,94,23,25,-71,-57,
-38,-33,-74,0,-72,-12,-45,0,0,8,-99,-137,-327,-333,-369,-376,-464,-377,-509,
-396,-496,-393,-421,-446,-535,-580,-592,-677,-677]} 1. f4 d5 2. Nf3 Nf6 3. e3
c5 4. Ne5 Nc6 5. Bb5 Bd7 6. Qe2 Nxe5 7. fxe5 Bxb5 8. Qxb5+ Nd7 9. d4 e6 10. O-O
Be7 11. Qe2 Bg5 12. Nd2 O-O 13. Nf3 Bh6 14. c3 f6 15. Bd2 Rc8 16. Rf2 f5 17. g3
a6 18. a4 c4 19. Kh1 Rf7 20. Rg1 Nf8 21. Nh4 Bg5 22. Nf3 Bh6 23. h4 Rcc7 24.
Rfg2 b5 25. axb5 axb5 26. Nh2 Ra7 27. Qh5 Ng6 28. Ng4 fxg4 29. Qxg4 Ne7 30.
Qxe6 Nf5 31. e4 Rae7 32. Qxd5 Qxd5 33. exd5 Bxd2 34. Rxd2 Kf8 35. d6 Re6 36.
Kh2 Ke8 37. Rf1 h5 38. Rdf2 g6 39. Re1 Nxd6 40. Rxf7 Nxf7 41. Kg2 Ke7 42. Kf3
g5 43. hxg5 Nxg5+ 44. Kf4 Nf7 45. d5 Rg6 46. Ra1 Rg4+ 47. Kf3 Nxe5+ 48. Kg2 Kd6
49. Ra5 Kc5 50. Ra6 Kxd5 51. Rh6 h4 52. Rxh4 Rxh4 53. gxh4 Ke4 54. Kg3 {
Zeitüberschreitung} 1-0

[Event "34. Bayerische Senioren EM"]
[Site "Bergen im Chiemgau"]
[Date "2024.05.31"]
[Round "4.37"]
[White "Klüber, Werner"]
[Black "Krause, Helmut"]
[Result "1/2-1/2"]
[BlackElo "1694"]
[BlackTeam "SK Freilassing"]
[EventDate "2024.??.??"]
[PlyCount "31"]
[WhiteElo "1849"]
[WhiteTeam "SC Prichsenstadt"]

1. d4 Nf6 2. Nf3 e6 3. c4 b6 4. g3 Bb7 5. Bg2 Bb4+ 6. Bd2 Be7 7. O-O O-O 8. Nc3
d5 9. cxd5 Nxd5 10. Nxd5 Bxd5 11. Bc3 Nd7 12. Ne1 Nf6 13. Bxd5 Qxd5 14. f3 Rad8
15. e4 Qb7 16. Qe2  1/2-1/2

[Event "34. Bayerische Senioren EM"]
[Site "Bergen im Chiemgau"]
[Date "2024.05.31"]
[Round "4.38"]
[White "Hülle, Gunter"]
[Black "Klein, Gernot"]
[Result "1-0"]
[WhiteElo "1765"]
[BlackElo "1834"]
[PlyCount "93"]
[EventDate "2024.??.??"]
[WhiteTeam "SV Springer Leipzig"]
[BlackTeam "PTSV Aachen"]

{[%evp 0,93,29,-56,-47,-60,-72,-73,-46,-43,-47,-48,-32,-28,-10,-41,-12,-11,-12,
-22,26,-44,-4,6,60,58,66,40,44,31,41,40,49,49,51,75,93,95,111,87,74,70,82,-38,
72,69,70,61,55,64,361,361,410,451,501,398,477,331,365,362,366,384,507,523,542,
538,761,632,1199,842,1360,1417,1490,1599,1768,1888,1983,1368,1575,1801,2171,
2284,2592,29980,29993,29994,29997,29996,29997,29998,29999,29996,29997,29996,
29997,29998]} 1. b4 d5 2. Bb2 Nf6 3. b5 c6 4. a4 a6 5. e3 Nbd7 6. Nf3 e6 7. c4
Bd6 8. Be2 O-O 9. O-O e5 10. d4 e4 11. Nfd2 Re8 12. c5 Bf8 13. Bc3 g6 14. Na3
Bg7 15. bxc6 bxc6 16. Rb1 Qe7 17. Nb3 Qe6 18. Na5 h5 19. h3 Nh7 20. Nc2 Nxc5
21. Rb6 Bd7 22. Nb4 Rab8 23. Rxb8 Rxb8 24. Qc2 Nb7 25. Nxa6 Nxa5 26. Nxb8 Nb7
27. Rb1 Nd6 28. Nxd7 Qxd7 29. Rb8+ Bf8 30. Qb3 Kg7 31. a5 Ng5 32. a6 Qa7 33.
Qb6 Qe7 34. Bb4 Nxh3+ 35. gxh3 Qg5+ 36. Kf1 Be7 37. a7 Qf5 38. Ke1 Qxh3 39.
Bxd6 Qh1+ 40. Bf1 Bxd6 41. Qd8 Bxb8 42. axb8=Q g5 43. Qh8+ Kg6 44. Qd6+ Kf5 45.
Qd7+ Kg6 46. Qg8+ Kh6 47. Qd6+ 1-0

[Event "34. Bayerische Senioren EM"]
[Site "Bergen im Chiemgau"]
[Date "2024.05.31"]
[Round "4.39"]
[White "Harke, Horst"]
[Black "Melchart, Siegfried"]
[Result "1-0"]
[BlackElo "1477"]
[BlackTeam "SF Bad Reichenhall"]
[EventDate "2024.??.??"]
[PlyCount "63"]
[WhiteElo "1830"]
[WhiteTeam "SK Varel"]

1. d4 Nf6 2. c4 e5 3. dxe5 Ng4 4. Nf3 Bc5 5. e3 Nc6 6. h3 Ngxe5 7. Nxe5 Nxe5 8.
Nc3 O-O 9. a3 a5 10. Ne4 b6 11. Nxc5 bxc5 12. Qd5 Nc6 13. Qxc5 Qf6 14. Qh5 Bb7
15. Bd3 h6 16. Qf5 Qxf5 17. Bxf5 Ne5 18. O-O Nxc4 19. Bxd7 Ne5 20. Bf5 Rfd8 21.
f4 Nc4 22. Bg4 Re8 23. Kf2 Be4 24. Bf3 Bxf3 25. Kxf3 Rab8 26. Rf2 Red8 27. Rc2
Nb6 28. Rxc7 Rd1 29. b4 Nd5 30. Rd7 Rc8 31. Bb2 Rxa1 32. Bxa1  1-0

[Event "34. Bayerische Senioren EM"]
[Site "Bergen im Chiemgau"]
[Date "2024.05.31"]
[Round "4.40"]
[White "Trattner, Alfred"]
[Black "Dreiseitel, Ursula"]
[Result "1-0"]
[WhiteElo "1808"]
[BlackElo "1668"]
[PlyCount "79"]
[EventDate "2024.??.??"]
[WhiteTeam "SV Holz Dohr Semriach"]
[BlackTeam "SW Nürnberg Süd"]

{[%evp 0,79,29,18,29,18,5,-2,1,-6,20,-2,-18,-14,-7,-17,-6,-15,-37,-19,-6,-74,
-70,-73,-72,-59,-50,-47,-12,-1,19,-16,7,-43,-32,-20,-34,-35,3,-20,0,-27,-23,
-25,0,0,38,35,23,31,22,16,8,0,16,12,41,29,32,9,73,55,188,135,138,129,152,152,
251,252,359,357,375,375,397,377,896,1051,1051,510,29989,29990]} 1. d4 Nf6 2. e3
d5 3. Bd3 Bg4 4. Nf3 e6 5. c3 c5 6. Nbd2 Nc6 7. Qa4 Bxf3 8. Nxf3 c4 9. Be2 Bd6
10. Ne5 Bxe5 11. dxe5 Nd7 12. f4 O-O 13. O-O f6 14. exf6 Nxf6 15. Bf3 a6 16.
Rd1 b5 17. Qc2 Qb6 18. Kh1 Rad8 19. b3 e5 20. g3 e4 21. Be2 Ne7 22. g4 Qe6 23.
Rg1 Rf7 24. a4 h6 25. axb5 axb5 26. Ra5 Rb8 27. Qa2 Kh7 28. b4 g5 29. Rg3 gxf4
30. exf4 Rg7 31. Ra6 Rb6 32. Rxb6 Qxb6 33. Be3 Qb8 34. Qa6 Rg6 35. f5 Nxf5 36.
gxf5 Rxg3 37. Qxf6 Rg7 38. Qxh6+ Kg8 39. Bd4 Rh7 40. Qg6+ 1-0

[Event "34. Bayerische Senioren EM"]
[Site "Bergen im Chiemgau"]
[Date "2024.05.31"]
[Round "4.41"]
[White "Huber, Herbert"]
[Black "Riess, Michael"]
[Result "1-0"]
[BlackElo "1773"]
[BlackTeam "SC Ansbach"]
[EventDate "2024.??.??"]
[PlyCount "37"]
[WhiteElo "1858"]
[WhiteTeam "SK Wasserburg"]

1. d4 d5 2. c4 Nc6 3. Nf3 Bg4 4. Nc3 Nf6 5. cxd5 Nxd5 6. e4 Nxc3 7. bxc3 a6 8.
Ba3 g6 9. Be2 Bg7 10. h3 Bxf3 11. Bxf3 O-O 12. O-O Re8 13. Rb1 Rb8 14. Re1 e6
15. e5 Bf8 16. Bc1 Be7 17. Be3 Bg5 18. Bxc6 bxc6 19. Rxb8  1-0

[Event "34. Bayerische Senioren EM"]
[Site "Bergen im Chiemgau"]
[Date "2024.05.31"]
[Round "4.42"]
[White "Puhrer, Achim"]
[Black "Stronk, Klaus"]
[Result "0-1"]
[BlackElo "1836"]
[BlackTeam "SK Freilassing"]
[EventDate "2024.??.??"]
[PlyCount "56"]
[WhiteElo "1707"]
[WhiteTeam "SF Hoffenheim"]

1. c4 c5 2. g3 Nc6 3. Bg2 g6 4. Nc3 Bg7 5. e4 a6 6. a4 b6 7. Nge2 Bb7 8. O-O e6
9. d3 Nge7 10. Be3 O-O 11. d4 cxd4 12. Nxd4 Rc8 13. b3 f5 14. Rc1 Qc7 15. f4
fxe4 16. Nxe4 d5 17. Nxe6 Qb8 18. Nxf8 Rxf8 19. cxd5 Nb4 20. d6 Nf5 21. Bf2 Nd5
22. Re1 Rd8 23. Nc3 Nxc3 24. Rxc3 Bxc3 25. Bxb7 Qxb7 26. Re6 Bb4 27. g4 Ng7 28.
Re7 Qxe7  0-1

[Event "34. Bayerische Senioren EM"]
[Site "Bergen im Chiemgau"]
[Date "2024.05.31"]
[Round "4.43"]
[White "Roß, Heinrich"]
[Black "Brahn, Helmut"]
[Result "1-0"]
[BlackElo "1779"]
[BlackTeam "SG Springer Burghaun"]
[EventDate "2024.??.??"]
[PlyCount "85"]
[WhiteElo "1743"]
[WhiteTeam "SG Springer Burghaun"]

1. e4 c5 2. c3 d6 3. d4 cxd4 4. Qxd4 a6 5. Nf3 h6 6. h3 e6 7. Be2 Nc6 8. Qa4 Bd7
9. Qd1 Nf6 10. Bd3 Be7 11. O-O O-O 12. Re1 Qc7 13. b3 Rac8 14. Bb2 Rfe8 15.
Nbd2 e5 16. Nf1 Nh5 17. Bc4 Nf6 18. Bd5 Bf8 19. Ng3 Nxd5 20. exd5 Ne7 21. c4
Nf5 22. Ne4 Be7 23. Qd2 b5 24. Rac1 Qb7 25. g4 Nh4 26. Nxh4 Bxh4 27. Nxd6 Qb8
28. Nxc8 Bg5 29. Qc2 Bxc1 30. Bxc1 Bxc8 31. Bb2 f6 32. Bc1 Qc7 33. c5 Bb7 34.
c6 Bc8 35. Qg6 Qf7 36. Qe4 Rd8 37. Ba3 a5 38. d6 b4 39. c7 Qd7 40. Qc4+ Kh8 41.
cxd8=Q+ Qxd8 42. Qc7 Qg8 43. d7  1-0

[Event "34. Bayerische Senioren EM"]
[Site "Bergen im Chiemgau"]
[Date "2024.05.31"]
[Round "4.44"]
[White "Schleime, Franz-Josef"]
[Black "Rogun, Ulrich"]
[Result "1/2-1/2"]
[BlackElo "1770"]
[BlackTeam "FC Bayern München"]
[EventDate "2024.??.??"]
[PlyCount "63"]
[WhiteElo "1774"]
[WhiteTeam "SF Lennestadt-Meggen"]

1. d4 Nf6 2. Nf3 e6 3. Bf4 d5 4. e3 Bd6 5. Bd3 Bxf4 6. exf4 Nc6 7. c3 O-O 8.
Nbd2 Ne7 9. Ne5 Ng6 10. g3 Nd7 11. Ndf3 Ndxe5 12. fxe5 f5 13. Qc2 b6 14. h4 h6
15. h5 Ne7 16. O-O-O Bd7 17. Qe2 a6 18. Nh4 Qe8 19. f4 Bb5 20. g4 Bxd3 21. Rxd3
fxg4 22. Qxg4 Qf7 23. Rg1 Qxf4+ 24. Qxf4 Rxf4 25. Ng6 Nxg6 26. Rxg6 Re8 27.
Rdg3 Re7 28. Rxh6 Rf5 29. Rgg6 Kf7 30. Rh7 Kg8 31. Rhh6 Kf7 32. Rh7  1/2-1/2

[Event "34. Bayerische Senioren EM"]
[Site "Bergen im Chiemgau"]
[Date "2024.05.31"]
[Round "4.45"]
[White "Krause, Marianne"]
[Black "Mahrla, Hans"]
[Result "0-1"]
[BlackElo "1689"]
[BlackTeam "SC Eichenau"]
[EventDate "2024.??.??"]
[PlyCount "31"]
[WhiteElo "1693"]
[WhiteTeam "SK Freilassing"]

1. d4 e6 2. Nf3 d5 3. e3 c5 4. b3 Nc6 5. Bd3 Nf6 6. Nbd2 cxd4 7. exd4 Bb4 8. a3
Bc3 9. Rb1 Nxd4 10. Nxd4 Bxd4 11. Nf3 Bc3+ 12. Bd2 Qc7 13. O-O e5 14. Bxc3 Qxc3
15. Nxe5 O-O 16. h3  0-1

[Event "34. Bayerische Senioren EM"]
[Site "Bergen im Chiemgau"]
[Date "2024.05.31"]
[Round "4.46"]
[White "Seibold, Günther"]
[Black "Scheler, Heinz"]
[Result "0-1"]
[Annotator "helga"]
[BlackElo "1638"]
[BlackTeam "SC Heilsbronn"]
[EventDate "2024.??.??"]
[PlyCount "62"]
[WhiteElo "1688"]
[WhiteTeam "SG Traunstein/Traunreut"]

1. c4 e5 2. g3 Nf6 3. Bg2 Bc5 4. Nc3 Ng4 5. e3 c6 6. Qxg4 Qf6 7. Ne4 Qe7 8. Qxg7
Rf8 9. Qxh7 Na6 10. Qh5 Kd8 11. Qd1 f5 12. Nc3 Nb4 13. Bf1 d5 14. a3 Na6 15.
Nge2 d4 16. Na4 Bd7 17. Nxc5 Nxc5 18. Bh3 Rh8 19. b4 Nd3+ 20. Kf1 Rxh3 21. exd4
Qh7 22. Kg2 c5 23. dxe5 Bc6+ 24. f3 Kc7 25. b5 Rh8 26. Qg1 Bd7 27. Nf4 Nxf4+
28. gxf4 Rg8+ 29. Kf2 Rxg1 30. Kxg1 Rxf3 31. d4 Qg6#  0-1

[Event "34. Bayerische Senioren EM"]
[Site "Bergen im Chiemgau"]
[Date "2024.06.01"]
[Round "5.1"]
[White "Schrems, Hermann"]
[Black "Himmel, Hansjörg"]
[Result "1/2-1/2"]
[WhiteElo "2069"]
[BlackElo "2189"]
[PlyCount "69"]
[EventDate "2024.??.??"]
[WhiteTeam "SC Emmendingen"]
[BlackTeam "SV Kamen"]

{[%evp 0,69,29,27,19,18,26,21,11,-13,-6,-6,11,-3,6,-2,31,35,25,39,39,-14,39,56,
47,36,71,16,31,15,76,25,89,79,79,77,77,61,49,29,48,45,60,16,104,26,26,26,40,38,
38,-153,37,23,23,5,17,18,24,13,13,13,30,35,29,0,0,0,0,-24,-33,-30]} 1. d4 Nf6
2. Nf3 e6 3. g3 c5 4. Bg2 d5 5. O-O cxd4 6. Nxd4 Be7 7. c4 O-O 8. cxd5 exd5 9.
Nc3 Nc6 10. Bf4 a6 11. Rc1 Bg4 12. h3 Bd7 13. Kh2 Qb6 14. Nb3 Rac8 15. Na4 Qa7
16. Be3 Qb8 17. Nb6 Rcd8 18. Bf4 Bd6 19. Bxd6 Qxd6 20. Nc5 Bc8 21. a3 a5 22.
Nxc8 Rxc8 23. e4 Ne7 24. Nxb7 Qb6 25. e5 Ne4 26. Bxe4 Qxb7 27. Bg2 Qxb2 28.
Rxc8 Rxc8 29. Qa4 Qxe5 30. Qxa5 h5 31. Re1 Qf6 32. Qa7 Nf5 33. Bxd5 h4 34. Qb7
hxg3+ 35. fxg3 1/2-1/2

[Event "34. Bayerische Senioren EM"]
[Site "Bergen im Chiemgau"]
[Date "2024.06.01"]
[Round "5.2"]
[White "Dresen, Ulrich"]
[Black "Döserich, Jürgen"]
[Result "1-0"]
[WhiteElo "2120"]
[BlackElo "1943"]
[PlyCount "63"]
[EventDate "2024.??.??"]
[WhiteTeam "Elberfelder SG"]
[BlackTeam "SP Freiburg"]

{[%evp 0,63,29,26,26,-10,18,34,39,10,49,21,66,13,41,60,50,43,49,45,61,41,46,46,
37,51,120,109,60,60,89,28,119,42,33,18,38,0,67,53,53,47,136,166,253,260,255,
106,107,90,123,121,126,126,100,89,89,74,156,171,626,694,568,327,606,378]} 1. d4
d5 2. c4 c6 3. Nf3 Nf6 4. e3 e6 5. b3 Bb4+ 6. Nbd2 a5 7. a3 Bd6 8. Bd3 Nbd7 9.
Bb2 O-O 10. O-O c5 11. Ne5 Qc7 12. f4 cxd4 13. exd4 b6 14. Rc1 Qb8 15. Rf3 g6
16. Rh3 Bb7 17. Qe1 Qd8 18. Ndf3 Ne4 19. Bxe4 dxe4 20. Ng5 Bxe5 21. dxe5 Nc5
22. Nxh7 Kg7 23. Nf6 Rh8 24. Rd1 Qc7 25. Qe3 Rxh3 26. Qxh3 Rh8 27. Qe3 Nd3 28.
Bd4 Qc6 29. a4 Nxf4 30. Qxf4 e3 31. Qf3 e2 32. Re1 1-0

[Event "34. Bayerische Senioren EM"]
[Site "Bergen im Chiemgau"]
[Date "2024.06.01"]
[Round "5.3"]
[White "Ernst, Michael"]
[Black "Christen, Pierre"]
[Result "1-0"]
[WhiteElo "2092"]
[BlackElo "1928"]
[PlyCount "97"]
[EventDate "2024.??.??"]
[WhiteTeam "Klosterneuburg"]
[BlackTeam "IGS Trier"]

{[%evp 0,97,29,26,26,16,24,10,35,22,45,41,20,9,8,16,35,7,17,11,11,-13,20,30,30,
-7,15,18,16,16,19,4,8,15,28,9,3,7,6,18,19,16,13,5,-12,-9,-7,-8,-8,-10,0,15,10,
11,9,11,0,0,0,0,21,23,49,50,52,52,52,18,81,70,79,81,96,82,112,104,192,150,177,
182,204,125,204,204,291,112,114,83,265,265,265,263,273,173,345,370,465,547,972,
547]} 1. d4 d5 2. Nf3 Nf6 3. c4 c6 4. e3 a6 5. Nbd2 Bf5 6. Be2 e6 7. O-O Bd6 8.
b3 Nbd7 9. Bb2 O-O 10. Ne5 Ne4 11. Nxe4 Bxe4 12. Bd3 Bxe5 13. dxe5 Bxd3 14.
Qxd3 Qg5 15. cxd5 cxd5 16. Qd4 Rfc8 17. Rfc1 Qd8 18. h3 Rxc1+ 19. Rxc1 Rc8 20.
Rc3 Rc7 21. Rxc7 Qxc7 22. Qc3 Qxc3 23. Bxc3 h5 24. g4 hxg4 25. hxg4 Kh7 26. Bd4
Kg6 27. Kg2 f6 28. exf6 gxf6 29. f4 e5 30. Bc3 exf4 31. exf4 Nc5 32. Kf3 Ne4
33. Be1 Kf7 34. Ke3 Ke6 35. Kd4 Kd6 36. Bb4+ Kc6 37. Be7 a5 38. Bd8 a4 39. bxa4
Kd6 40. Ba5 Kc6 41. Bb4 b6 42. a5 bxa5 43. Bxa5 Nc5 44. Bc3 Ne4 45. Be1 Nc5 46.
Bh4 Ne4 47. a4 f5 48. g5 Kd6 49. Be1 1-0

[Event "34. Bayerische Senioren EM"]
[Site "Bergen im Chiemgau"]
[Date "2024.06.01"]
[Round "5.4"]
[White "Kieffer, Joachim"]
[Black "Röder, Frank"]
[Result "1-0"]
[WhiteElo "2040"]
[BlackElo "2279"]
[PlyCount "127"]
[EventDate "2024.??.??"]
[WhiteTeam "SK Bruckmühl"]
[BlackTeam "SV Altensittenbach"]

{[%evp 0,127,29,29,73,46,40,36,90,62,53,53,46,50,71,43,43,41,74,25,37,10,11,14,
16,14,14,11,6,-21,27,-46,3,1,0,-14,-16,-20,-13,-16,2,-12,-9,-21,-14,-6,-9,-6,8,
0,6,-6,17,15,21,12,19,0,4,6,20,11,55,-25,91,91,76,-18,-27,-6,-4,-8,18,3,79,58,
76,37,37,36,56,44,74,74,54,-28,-5,0,-29,-146,0,0,0,0,0,0,0,0,0,0,0,0,0,0,0,0,
29993,589,29985,29986,29987,962,982,511,28720,29974,29975,29976,29977,1380,
2530,509,1421,962,1002,509,509,509,509,509]} 1. e4 c6 2. Nf3 d5 3. Nc3 Bg4 4.
Be2 e6 5. O-O Bb4 6. exd5 exd5 7. Ne5 Be6 8. d4 Ne7 9. Bd3 Nd7 10. Bf4 O-O 11.
Re1 Bf5 12. Bxf5 Nxf5 13. Qd3 g6 14. a3 Ba5 15. Re2 Bb6 16. Nf3 Qf6 17. Be5
Nxe5 18. dxe5 Qe6 19. Na4 Rfe8 20. Nxb6 axb6 21. Nd4 Nxd4 22. Qxd4 c5 23. Qd3
Rad8 24. Rae1 d4 25. b3 Re7 26. f4 Rde8 27. Kf2 Qg4 28. Qf3 Qd7 29. g4 b5 30.
f5 c4 31. Qf4 Kh8 32. e6 fxe6 33. Qe5+ Kg8 34. f6 Rf7 35. g5 cxb3 36. cxb3 d3
37. Rd2 Rd8 38. Qxe6 Qd4+ 39. Qe3 Qd6 40. Qe5 Qxa3 41. Qxb5 Qd6 42. Qe5 Qb6+
43. Re3 Qxb3 44. Qe6 Qb5 45. h4 Qb4 46. Rdxd3 Qxh4+ 47. Ke2 Qh2+ 48. Kf3 Qh1+
49. Kf2 Qh4+ 50. Kf3 Rdf8 51. Re5 h6 52. Rd7 hxg5 53. Rxf7 Qh5+ 54. Kg2 Rxf7
55. Re3 g4 56. Rd3 Qa5 57. Qe8+ Kh7 58. Qxf7+ Kh6 59. Qf8+ Kg5 60. Qd8 Qa2+ 61.
Rd2 Qf7 62. Qd5+ Qxd5+ 63. Rxd5+ Kxf6 64. Rb5 1-0